Statistics for Countries Closest to Egypt by first two letters

Click here to take the quiz!

General Stats

  • This quiz has been taken 247 times
  • The average score is 14 of 20

Answer Stats

kmcountrymiles% Correct
504Turkey314
96%
0Libya0
95%
0Sudan0
94%
0Israel0
89%
15Saudi Arabia9
87%
993Albania617
84%
7Jordan4
80%
214Lebanon133
78%
352Cyprus219
72%
202Syria126
72%
478Eritrea297
71%
293Chad182
70%
799Ethiopia496
66%
364Greece226
66%
469Iraq291
56%
835Yemen519
56%
952Niger591
45%
1065Bulgaria662
34%
0Palestine0
30%
1072North Macedonia666
20%

Score Distribution

Percentile by Number Answered

Percent of People with Each Score

Your Score History

You have not taken this quiz